All Doja Cat Songs - Statistics

General Stats
  • This quiz has been taken 2,657 times
    257 since last reset
  • The average score is 41 of 129
Answer Stats
Album Song % Correct
Hot Pink Say So
87%
Scarlet Paint the Town Red
86%
Planet Her Woman
85%
Planet Her Kiss Me More
80%
Hot Pink Streets
77%
Scarlet Agora Hills
72%
Planet Her Need to Know
71%
Scarlet Demons
66%
Amala Juicy
65%
Vie Jealous Type
64%
Planet Her Ain't Sh*t
63%
Hot Pink Cyber Sex
63%
Planet Her You Right
63%
Amala Candy
62%
Planet Her Get Into It
62%
Amala Mooo!
62%
Purrr! So High
61%
Amala Tia Tamera
61%
Scarlet Wet Vagina
61%
Hot Pink Like That
59%
Hot Pink Rules
58%
Planet Her I Don't Do Drugs
57%
Planet Her Been Like This
56%
Scarlet Attention
55%
Soundcloud Exclusive Singles Freak
53%
Vie Cards
52%
Planet Her Naked
52%
Vie Gorgeous
50%
Amala Go to Town
45%
Amala Wine Pon You
45%
Hot Pink Addiction
44%
Birds of Prey: The Album Boss B***h
44%
Scarlet Gun
44%
Vie Take Me Dancing
44%
Vie AAAHH MEN!
43%
Planet Her Options
43%
Scarlet 97
42%
Scarlet F**k the Girls (FTG)
42%
Vie Stranger
42%
Planet Her Alone
41%
Hot Pink Bottom B***h
41%
Planet Her Payday
41%
Scarlet Skull and Bones
41%
Scarlet 2 CLAUDE ACKNOWLEDGE ME
39%
Scarlet Balut
39%
Scarlet Shutcho
39%
Amala Cookie Jar
38%
Scarlet Ouchies
38%
Hot Pink Won't Bite
38%
Scarlet WYM Freestyle
38%
Vie Couples Therapy
37%
Vie Happy
37%
Scarlet 2 CLAUDE URRRGE!!!!!!!!!!
37%
Single Vegas
37%
Scarlet 2 CLAUDE MASC
36%
Scarlet 2 CLAUDE PISS
36%
Hot Pink Shine
36%
Hot Pink Better Than Me
35%
Scarlet Can't Wait
35%
Scarlet Go Off
35%
Planet Her Imagine
35%
Planet Her Love to Dream
35%
Purrr! No Police
35%
Scarlet 2 CLAUDE HEADHIGH
34%
Vie Lipstain
34%
Scarlet 2 CLAUDE OKLOSER
34%
Vie Acts of Service
33%
Amala Casual
32%
Planet Her Ride
32%
Soundcloud Exclusive Singles Up
32%
Scarlet 2 CLAUDE DISRESPECTFUL
31%
Scarlet Love Life
31%
Scarlet Often
31%
Vie Silly! Fun!
31%
Planet Her Tonight
31%
Planet Her Up and Down
31%
Vie All Mine
30%
Vie One More Time
29%
Planet Her Why Why
29%
Soundcloud Exclusive Singles Come
28%
Vie Make It Up
28%
Hot Pink Talk Dirty
28%
Vie Come Back
27%
Amala Game
26%
Amala Fancy
24%
Purrr! Nunchucks
24%
Amala Roll with Us
23%
Amala Wild Beach
23%
Amala Body Language
22%
Amala All Nighter
21%
Purrr! Beautiful
21%
Single Freaky Deaky
21%
Purrr! Control
19%
Amala Down Low
18%
Amala Morning Light
18%
Single Celebrity Skin
10%
Soundcloud Exclusive Singles 4 Morant (Better Luck Next Time)
9%
Single Crack
8%
ENOC Del Mar
8%
Soundcloud Exclusive Singles NintendHoe
8%
Soundcloud Exclusive Singles Doctor
7%
Soundcloud Exclusive Singles Daddy
4%
Soundcloud Exclusive Singles Crush
3%
Soundcloud Exclusive Singles Ring
3%
Soundcloud Exclusive Singles UwU
3%
Soundcloud Exclusive Singles Lie Down
2%
Soundcloud Exclusive Singles Lonely
2%
Soundcloud Exclusive Singles Popping
2%
Soundcloud Exclusive Singles Trauma
2%
Soundcloud Exclusive Singles Waffles Are Better Than Pancakes
2%
Soundcloud Exclusive Singles Wet Dreamz
2%
Soundcloud Exclusive Singles 8th
1%
Soundcloud Exclusive Singles Busty
1%
Soundcloud Exclusive Singles Cannibal
1%
Soundcloud Exclusive Singles Get Loose
1%
Soundcloud Exclusive Singles Harley
1%
Soundcloud Exclusive Singles Magic Pink Capsule
1%
Soundcloud Exclusive Singles Say No More
1%
Soundcloud Exclusive Singles Somethin New
1%
Soundcloud Exclusive Singles Spoiled
1%
Soundcloud Exclusive Singles Sucker Punch (Cat Got Your Tongue)
1%
Soundcloud Exclusive Singles Suck My Dick
1%
Soundcloud Exclusive Singles THRWD
1%
Soundcloud Exclusive Singles Tight
1%
Soundcloud Exclusive Singles Touch Me
1%
Soundcloud Exclusive Singles Unisex (Freestyle)
1%
Soundcloud Exclusive Singles YEEEAH!
1%
Soundcloud Exclusive Singles Dizzy
0%
Soundcloud Exclusive Singles Golden
0%
No matching quizzes found
Score Distribution
Percent of People with Each Score
Percentile by Number Answered
Your Score History
You have not taken this quiz since the last reset